Speed typing #14 - Statistics

General Stats
  • This quiz has been taken 69 times
  • The average score is 14 of 15
Answer Stats
Hint Answer % Correct
cat cat
100%
dog dog
100%
fish fish
98%
quail quail
96%
barn barn
94%
beast beast
94%
ferocious ferocious
94%
lion lion
94%
pet pet
94%
phenomenal phenomenal
94%
planet planet
94%
rocket rocket
94%
squirrel squirrel
94%
wolf wolf
94%
woman woman
94%
No matching quizzes found
Score Distribution
Percent of People with Each Score
Percentile by Number Answered
Your Score History
You have not taken this quiz